[Event "1. OEsterreichische Internet Schach Meisterschaft - Vorrunde 1"]
[Site "Online - Playchess.com"]
[Date ""]
[Round "2"]
[Board "10"]
[White "Breneis, Lukas"]
[Black "Enoeckl, Philipp"]
[Result "1-0"]
[WhiteElo "2257"]
[BlackElo "2276"]
[PlyCount "51"]
[EventDate "2020.04.11"]
[EventRounds "9"]
[EventCountry "AUT"]

1. e4 e6 2. Qe2 c5 3. f4 Nc6 4. Nf3 g6 5. g3 Bg7 6. Bg2 Nge7 7. O-O d5 8. d3
O-O 9. c3 Rb8 10. Be3 d4 11. Bf2 b5 12. e5 b4 13. c4 Bb7 14. Nbd2 Na5 15. Ne4
Bxe4 16. Qxe4 Qc7 17. g4 Nac6 18. Bh4 Rbe8 19. Bf6 Nc8 20. Qe1 Bxf6 21. exf6
Qxf4 22. Qh4 h5 23. h3 Nd6 24. Rae1 e5 25. Ng5 Qxf1+ 26. Rxf1 {Wurzlwurzn gibt
auf}  1-0

[Event "1. OEsterreichische Internet Schach Meisterschaft - Vorrunde 1"]
[Site "Online - Playchess.com"]
[Date ""]
[Round "2"]
[Board "11"]
[White "Pasteiner, Gernot"]
[Black "Belke, Frank"]
[Result "0-1"]
[WhiteElo "1632"]
[BlackElo "2273"]
[PlyCount "50"]
[EventDate "2020.04.11"]
[EventRounds "9"]
[EventCountry "AUT"]

1. e4 e6 2. d4 d5 3. Nc3 Bb4 4. a3 Bxc3+ 5. bxc3 dxe4 6. Qg4 Nf6 7. Qxg7 Rg8 8.
Qh6 Rg6 9. Qe3 b6 10. Nh3 Bb7 11. Nf4 Rg8 12. Qh3 Nbd7 13. Be2 Qe7 14. O-O
O-O-O 15. a4 Nd5 16. Nxd5 exd5 17. a5 Rg6 18. axb6 axb6 19. Ba6 Rdg8 20. Bxb7+
Kxb7 21. Bd2 Qe6 22. Qxh7 Rxg2+ 23. Kh1 Qf6 24. Ra2 Qf3 25. Qxg8 Rxg8#  0-1

[Event "1. OEsterreichische Internet Schach Meisterschaft - Vorrunde 1"]
[Site "Online - Playchess.com"]
[Date ""]
[Round "2"]
[Board "12"]
[White "Missethan, Michael"]
[Black "Neuschmied, Siegfried"]
[Result "0-1"]
[WhiteElo "2015"]
[BlackElo "2268"]
[PlyCount "162"]
[EventDate "2020.04.11"]
[EventRounds "9"]
[EventCountry "AUT"]

1. e4 d6 2. d4 Nf6 3. Bd3 g6 4. Nf3 Bg7 5. O-O O-O 6. c3 Nc6 7. Bg5 h6 8. Bh4
e5 9. dxe5 Nxe5 10. Nxe5 dxe5 11. Bc2 Qe7 12. Nd2 Be6 13. Qe2 c6 14. Nf3 g5 15.
Bg3 Bg4 16. h3 Bh5 17. Qe3 Nd7 18. Bb3 Nc5 19. Bc2 Rfd8 20. Rfd1 a5 21. Rxd8+
Rxd8 22. Rd1 Rxd1+ 23. Bxd1 Bg6 24. Bc2 Qd6 25. Qd2 Qxd2 26. Nxd2 a4 27. f3 b5
28. Bf2 Bf8 29. Kf1 f6 30. Ke2 Bf7 31. b3 axb3 32. axb3 Ne6 33. g3 Bd6 34. Nf1
Kf8 35. Ne3 Ng7 36. c4 bxc4 37. Nxc4 Bxc4+ 38. bxc4 Ne6 39. Kd3 Ke7 40. Bb3 Bc5
41. Bxc5+ Nxc5+ 42. Kc3 Kd6 43. Bc2 Ne6 44. Kd3 Kc5 45. Kc3 Nd4 46. Bd1 Ne6 47.
Be2 Nc7 48. Bd1 Na8 49. Be2 Nb6 50. Bd3 Na4+ 51. Kb3 Nb6 52. Kc3 Nd7 53. Be2
Nf8 54. Bd3 Ng6 55. Be2 h5 56. Bd1 h4 57. gxh4 Nxh4 58. Be2 Ng2 59. Bf1 Nf4 60.
Kb3 Kd4 61. Kb4 c5+ 62. Kb5 Ng6 63. Kc6 Nh4 64. Be2 f5 65. exf5 Nxf5 66. Bd1
Ne3 67. Be2 Nxc4 68. Kd7 Nd2 69. Ke6 c4 70. Kf5 c3 71. Bd1 Nxf3 72. Kg4 Ke3 73.
Bc2 e4 74. Kf5 Nd4+ 75. Kxg5 Nxc2 76. h4 Nd4 77. h5 c2 78. h6 Ne6+ 79. Kf6 Nf8
80. Kg7 c1=Q 81. h7 Nxh7 {Mmikey gibt auf}  0-1

[Event "1. OEsterreichische Internet Schach Meisterschaft - Vorrunde 1"]
[Site "Online - Playchess.com"]
[Date ""]
[Round "2"]
[Board "13"]
[White "Peyrer, Konstantin"]
[Black "Hofstadler, Mario"]
[Result "1-0"]
[WhiteElo "2265"]
[BlackElo "1867"]
[PlyCount "53"]
[EventDate "2020.04.11"]
[EventRounds "9"]
[EventCountry "AUT"]

1. e4 c6 2. Nf3 d5 3. Nc3 Bg4 4. h3 Bxf3 5. Qxf3 e6 6. d4 Nf6 7. Bd3 Be7 8. O-O
dxe4 9. Nxe4 Nbd7 10. c3 Nxe4 11. Bxe4 Nf6 12. Bc2 Rc8 13. Re1 O-O 14. Bf4 b6
15. Rad1 Qd5 16. Qd3 c5 17. Be5 g6 18. c4 Qd7 19. Qf3 Nh5 20. dxc5 Qc6 21. Qxc6
Rxc6 22. b4 a5 23. a3 axb4 24. axb4 Ng7 25. Be4 Rcc8 26. Rd7 Rfe8 27. Bb7  1-0

[Event "1. OEsterreichische Internet Schach Meisterschaft - Vorrunde 1"]
[Site "Online - Playchess.com"]
[Date ""]
[Round "2"]
[Board "14"]
[White "Perhinig, Robert"]
[Black "Schroettner, Martin"]
[Result "1-0"]
[WhiteElo "2252"]
[BlackElo "1934"]
[PlyCount "103"]
[EventDate "2020.04.11"]
[EventRounds "9"]
[EventCountry "AUT"]

1. d4 c6 2. Nf3 d5 3. g3 Nf6 4. Bg2 Bg4 5. O-O Nbd7 6. c4 e6 7. Nc3 Bd6 8. Re1
O-O 9. e4 dxe4 10. Nxe4 Nxe4 11. Rxe4 Bf5 12. Re1 Nf6 13. b3 Bb4 14. Bd2 Bxd2
15. Qxd2 Qc7 16. Rad1 Rad8 17. Qc3 Ne4 18. Qb2 Nf6 19. Ne5 Rfe8 20. c5 Nd5 21.
Nc4 Re7 22. Nd6 Red7 23. Bxd5 cxd5 24. Nxf5 exf5 25. Re5 g6 26. Rde1 Qc6 27.
Qd2 Kg7 28. h4 h5 29. Qd3 Qf6 30. b4 a6 31. a4 f4 32. b5 axb5 33. axb5 Rc8 34.
Kg2 Rcc7 35. Qf3 fxg3 36. fxg3 Qd8 37. b6 Rc6 38. Re8 Qf6 39. Qxf6+ Kxf6 40.
R1e5 Re6 41. R5xe6+ fxe6 42. Kf3 Kf7 43. Rc8 Ke7 44. Kf4 Kf6 45. Rc7 Ke7 46.
Ke5 Rxc7 47. bxc7 Kd7 48. c8=Q+ Kxc8 49. Kxe6 Kc7 50. Kxd5 b6 51. cxb6+ Kxb6
52. Ke6  1-0

[Event "1. OEsterreichische Internet Schach Meisterschaft - Vorrunde 1"]
[Site "Online - Playchess.com"]
[Date ""]
[Round "2"]
[Board "15"]
[White "Hiermann, Dietmar"]
[Black "Rosol, Alexander"]
[Result "1-0"]
[WhiteElo "2250"]
[BlackElo "1933"]
[PlyCount "121"]
[EventDate "2020.04.11"]
[EventRounds "9"]
[EventCountry "AUT"]

1. e4 d6 2. d4 Nf6 3. Nc3 e5 4. Nf3 Nbd7 5. h3 g6 6. Bc4 Bg7 7. Be3 O-O 8. Qd2
c6 9. dxe5 dxe5 10. O-O-O Qa5 11. Kb1 b5 12. Bd3 Nh5 13. g4 Nf4 14. Ne2 Qxd2
15. Nxd2 Nxd3 16. cxd3 c5 17. Nb3 c4 18. dxc4 bxc4 19. Na5 Nb6 20. Bxb6 axb6
21. Nxc4 Ba6 22. Rc1 Rac8 23. b3 Rfd8 24. Rc2 b5 25. Ne3 Rxc2 26. Kxc2 b4 27.
Nc1 Bh6 28. Rd1 Rc8+ 29. Kd2 Bb5 30. Ne2 Kf8 31. h4 Bxe3+ 32. Kxe3 Rc2 33. Re1
Rxa2 34. Nc1 Ra8 35. Rd1 Rc8 36. Rd5 Rxc1 37. Rxb5 Rc3+ 38. Ke2 Rxb3 39. Rxe5
f6 40. Rb5 Rb2+ 41. Ke3 b3 42. Rb7 Kg8 43. g5 fxg5 44. hxg5 Rb1 45. Kf4 b2 46.
f3 Kf8 47. Ke5 Ke8 48. f4 Kf8 49. Kf6 Ke8 50. f5 gxf5 51. exf5 Kd8 52. Rb3 Kd7
53. Kf7 Kd6 54. f6 Kd5 55. Kg7 Kc4 56. Rb8 Kc3 57. f7 Rg1 58. Rxb2 Kxb2 59.
f8=Q Rxg5+ 60. Kxh7 Re5 61. Qf6 {Nasnaseez gibt auf}  1-0

[Event "1. OEsterreichische Internet Schach Meisterschaft - Vorrunde 1"]
[Site "Online - Playchess.com"]
[Date ""]
[Round "2"]
[Board "16"]
[White "Bauer, Sebastian"]
[Black "Meier, Alexander"]
[Result "1/2-1/2"]
[WhiteElo "2237"]
[BlackElo "2226"]
[PlyCount "100"]
[EventDate "2020.04.11"]
[EventRounds "9"]
[EventCountry "AUT"]

1. e4 c5 2. Nf3 Nc6 3. Bb5 g6 4. O-O Bg7 5. Bxc6 bxc6 6. c3 Nh6 7. d4 cxd4 8.
cxd4 O-O 9. Nc3 d5 10. e5 Bg4 11. h3 Bxf3 12. Qxf3 Nf5 13. Rd1 f6 14. exf6 Bxf6
15. Qg4 Qd6 16. Bg5 Rae8 17. Bxf6 Qxf6 18. Rd2 Nd6 19. Re1 e6 20. b3 Qf5 21.
Qxf5 exf5 22. Re5 Ne4 23. Nxe4 fxe4 24. Rxe8 Rxe8 25. Rc2 Re6 26. Kf1 Kf7 27.
Rc5 Kf6 28. Ke2 Rd6 29. Ke3 g5 30. Ra5 Rd7 31. Ra6 Rc7 32. b4 Ke7 33. a3 Kd7
34. Ra5 Rb7 35. Rc5 Rb5 36. f3 Rxc5 37. bxc5 exf3 38. Kxf3 Ke6 39. Kg4 Kf6 40.
g3 Kg6 41. Kf3 Kf5 42. Ke3 g4 43. h4 h5 44. Kd3 Ke6 45. Kd2 Kf6 46. a4 a5 47.
Kd3 Ke6 48. Kd2 Kf6 49. Kd3 Ke6 50. Kd2 Kf6  1/2-1/2

[Event "1. OEsterreichische Internet Schach Meisterschaft - Vorrunde 1"]
[Site "Online - Playchess.com"]
[Date ""]
[Round "2"]
[Board "17"]
[White "Borrmann, Laurenz"]
[Black "Mostbauer, Maximilian"]
[Result "0-1"]
[WhiteElo "1880"]
[BlackElo "2217"]
[PlyCount "80"]
[EventDate "2020.04.11"]
[EventRounds "9"]
[EventCountry "AUT"]

1. e4 e6 2. d4 d5 3. Nd2 Nf6 4. e5 Nfd7 5. Bd3 c5 6. c3 b5 7. Bxb5 Qb6 8. Bxd7+
Nxd7 9. Ndf3 Ba6 10. Ne2 cxd4 11. cxd4 Qb4+ 12. Qd2 Qb5 13. Nc3 Qb6 14. a3 Rc8
15. b4 Be7 16. Bb2 O-O 17. Na4 Qc6 18. Nc5 Bc4 19. h4 h6 20. Qf4 a5 21. Nd2 Nb6
22. bxa5 Bxc5 23. axb6 Bxb6 24. Nxc4 Qxc4 25. Qd2 Qc2 26. Rd1 Qe4+ 27. Kf1 Rc2
28. Qb4 Qe2+ 29. Kg1 Qxf2+ 30. Kh2 Rxb2 31. Rhg1 Qf4+ 32. Kh3 Qe3+ 33. g3 Rxb4
34. axb4 Bxd4 35. Rge1 Qf3 36. Rxd4 Rc8 37. b5 Qf5+ 38. Rg4 Rc4 39. b6 Qxg4+
40. Kg2 Rb4  0-1

[Event "1. OEsterreichische Internet Schach Meisterschaft - Vorrunde 1"]
[Site "Online - Playchess.com"]
[Date ""]
[Round "2"]
[Board "18"]
[White "Hofmann, Thomas"]
[Black "Pedevilla, Luis"]
[Result "1-0"]
[WhiteElo "2215"]
[BlackElo "1650"]
[PlyCount "83"]
[EventDate "2020.04.11"]
[EventRounds "9"]
[EventCountry "AUT"]

1. d4 d5 2. c4 e6 3. Nc3 Nf6 4. cxd5 Nxd5 5. e4 Nxc3 6. bxc3 Be7 7. Nf3 O-O 8.
Bd3 c5 9. O-O Nc6 10. d5 exd5 11. exd5 Kh8 12. dxc6 bxc6 13. Be3 Bg4 14. Be4
Qc7 15. h3 Bh5 16. Qc1 f5 17. Bf4 Qd7 18. Ne5 Qe6 19. Bxc6 Bd6 20. Bxa8 Bxe5
21. Bxe5 Qxe5 22. Re1 Qf6 23. Bd5 f4 24. f3 Qg5 25. c4 Bg6 26. Qd2 Bf5 27. Re5
Qg3 28. Qf2 Qg5 29. Qxc5 Rd8 30. Qe7 Qxe7 31. Rxe7 h6 32. Rae1 Rd6 33. Rxa7 Rg6
34. Kh2 Kh7 35. Re8 h5 36. Raa8 Rf6 37. Rab8 Bd7 38. Be4+ Kh6 39. Rh8+ Kg5 40.
Rbd8 Ba4 41. Rd5+ Kh4 42. Rdxh5#  1-0

[Event "1. OEsterreichische Internet Schach Meisterschaft - Vorrunde 1"]
[Site "Online - Playchess.com"]
[Date ""]
[Round "2"]
[Board "19"]
[White "Frank, Paul"]
[Black "Weichhart, Daniel"]
[Result "1-0"]
[WhiteElo "2210"]
[BlackElo "1648"]
[PlyCount "57"]
[EventDate "2020.04.11"]
[EventRounds "9"]
[EventCountry "AUT"]

1. Nf3 d5 2. g3 e6 3. Bg2 Nf6 4. O-O b6 5. d4 Bb7 6. c4 Be7 7. Ne5 O-O 8. Nc3
Nbd7 9. Qa4 Nxe5 10. dxe5 Ne4 11. Nxe4 dxe4 12. Rd1 Qe8 13. Qc2 Qc6 14. Rd4
Rad8 15. Bxe4 Rxd4 16. Bxc6 Bxc6 17. Be3 Rd7 18. Rd1 Rfd8 19. Rxd7 Rxd7 20. f3
a5 21. c5 b5 22. Kf2 b4 23. a3 bxa3 24. bxa3 Bb5 25. Qb2 c6 26. a4 Bc4 27. Qb8+
Bf8 28. Qc8 Rb7 29. Qxb7  1-0

[Event "1. OEsterreichische Internet Schach Meisterschaft - Vorrunde 1"]
[Site "Online - Playchess.com"]
[Date ""]
[Round "2"]
[Board "20"]
[White "Ofner, Maximilian"]
[Black "Holzleithner, Johannes"]
[Result "1-0"]
[WhiteElo "2177"]
[BlackElo "1979"]
[PlyCount "67"]
[EventDate "2020.04.11"]
[EventRounds "9"]
[EventCountry "AUT"]

1. e4 e6 2. d4 d5 3. e5 c5 4. c3 Bd7 5. Nf3 Qb6 6. Be2 Bb5 7. O-O Bxe2 8. Qxe2
Nc6 9. Rd1 cxd4 10. cxd4 Rc8 11. Nc3 Nge7 12. Be3 Nf5 13. a3 Na5 14. g4 Nxe3
15. fxe3 Nb3 16. Rab1 Be7 17. Nd2 Nxd2 18. Rxd2 Qa5 19. Rc2 b6 20. Nd1 O-O 21.
Rbc1 Rxc2 22. Rxc2 Qa4 23. Qd3 h6 24. Rc7 Bd8 25. Qc2 Qxc2 26. Rxc2 Bg5 27. Rc7
a5 28. Kf2 Re8 29. Rb7 Rc8 30. Nc3 Bd8 31. Ke2 Kh7 32. Rxf7 Kg6 33. Rb7 Bc7 34.
Nb5  1-0

[Event "1. OEsterreichische Internet Schach Meisterschaft - Vorrunde 1"]
[Site "Online - Playchess.com"]
[Date ""]
[Round "2"]
[Board "21"]
[White "Meglitsch, Konstantin"]
[Black "Doskocil, Klaus"]
[Result "0-1"]
[WhiteElo "2041"]
[BlackElo "2157"]
[PlyCount "110"]
[EventDate "2020.04.11"]
[EventRounds "9"]
[EventCountry "AUT"]

1. e4 c5 2. Nc3 Nc6 3. g3 g6 4. d3 Bg7 5. Be3 Nd4 6. Qd2 e6 7. Nd1 d6 8. c3 Nc6
9. Bg2 Nge7 10. Bh6 O-O 11. h4 f6 12. Bxg7 Kxg7 13. h5 g5 14. Ne2 e5 15. f4
exf4 16. gxf4 g4 17. Ne3 Kh8 18. O-O-O Rg8 19. d4 cxd4 20. Nxd4 Nxd4 21. Qxd4
Nc6 22. Qxd6 Qxd6 23. Rxd6 g3 24. Rxf6 Bd7 25. e5 Rae8 26. Rf7 Be6 27. Rxb7 Na5
28. Rxa7 Nc4 29. Nxc4 Bxc4 30. b3 Be2 31. Re1 Bxh5 32. e6 Rgf8 33. Ra4 Rf6 34.
e7 Rf7 35. Rae4 Kg7 36. R1e3 Kf6 37. Rxg3 Rfxe7 38. Rxe7 Rxe7 39. Bf3 Re3 40.
Rg8 Bxf3 41. Kd2 Re2+ 42. Kd3 Rxa2 43. Rh8 h5 44. b4 Kf5 45. Rf8+ Kg4 46. b5
Rb2 47. c4 h4 48. f5 h3 49. f6 h2 50. Rg8+ Kh4 51. f7 h1=Q 52. Rh8+ Bh5 53.
f8=Q Qd1+ 54. Ke4 Re2+ 55. Kf5 Qf1#  0-1

[Event "1. OEsterreichische Internet Schach Meisterschaft - Vorrunde 1"]
[Site "Online - Playchess.com"]
[Date ""]
[Round "2"]
[Board "22"]
[White "Nolz, Tom"]
[Black "Doujak, Gabriel Andreas"]
[Result "1/2-1/2"]
[WhiteElo "2157"]
[BlackElo "1980"]
[PlyCount "77"]
[EventDate "2020.04.11"]
[EventRounds "9"]
[EventCountry "AUT"]

1. e4 c6 2. Nc3 d5 3. Nf3 Bg4 4. h3 Bxf3 5. Qxf3 e6 6. d3 Nf6 7. Bd2 Bc5 8. g3
O-O 9. Bg2 Nbd7 10. O-O Ne5 11. Qd1 dxe4 12. Nxe4 Nxe4 13. Bxe4 Qb6 14. Bc3 Bd4
15. Bxd4 Qxd4 16. c3 Qb6 17. Qe2 Nd7 18. d4 Nf6 19. Bc2 c5 20. dxc5 Qxc5 21.
Rad1 Rad8 22. Rxd8 Rxd8 23. Rd1 Qc7 24. Kh2 Rxd1 25. Bxd1 g6 26. a4 Nd5 27. Bb3
Qc5 28. h4 Kf8 29. h5 Nf6 30. hxg6 hxg6 31. Bd1 Qg5 32. Qf3 Qd2 33. Qxf6 Qxd1
34. b4 Qxa4 35. Qh8+ Ke7 36. Qh4+ Kf8 37. Qh8+ Ke7 38. Qh4+ Kf8 39. Qh8+
 1/2-1/2

[Event "1. OEsterreichische Internet Schach Meisterschaft - Vorrunde 1"]
[Site "Online - Playchess.com"]
[Date ""]
[Round "2"]
[Board "23"]
[White "Trippold, Denise"]
[Black "Moritz, Christian"]
[Result "1-0"]
[WhiteElo "2150"]
[BlackElo "2077"]
[PlyCount "33"]
[EventDate "2020.04.11"]
[EventRounds "9"]
[EventCountry "AUT"]

1. d4 e6 2. c4 Bb4+ 3. Nd2 d5 4. e3 Nf6 5. a3 Be7 6. Ngf3 O-O 7. Bd3 b6 8. O-O
Bb7 9. Ne5 Nbd7 10. f4 c5 11. cxd5 exd5 12. b3 Rc8 13. Bb2 cxd4 14. exd4 Ne4
15. Qe2 Ndf6 16. Ndf3 Qd7 17. Nxd7 {Hardigatti gibt auf}  1-0

[Event "1. OEsterreichische Internet Schach Meisterschaft - Vorrunde 1"]
[Site "Online - Playchess.com"]
[Date ""]
[Round "2"]
[Board "24"]
[White "Strodl, Joachim"]
[Black "Hessenberger, Andreas"]
[Result "0-1"]
[WhiteElo "2137"]
[BlackElo "2019"]
[PlyCount "30"]
[EventDate "2020.04.11"]
[EventRounds "9"]
[EventCountry "AUT"]

1. d4 d5 2. Nf3 c6 3. g3 e6 4. Bg2 f5 5. O-O Nf6 6. c4 Bd6 7. Nc3 O-O 8. e3
Nbd7 9. b3 Ne4 10. Bb2 Rf6 11. Nd2 Rh6 12. f3 Nxg3 13. hxg3 Bxg3 14. Ne2 Bh2+
15. Kf2 Qh4+ {Joachim69 gibt auf}  0-1

[Event "1. OEsterreichische Internet Schach Meisterschaft - Vorrunde 1"]
[Site "Online - Playchess.com"]
[Date ""]
[Round "2"]
[Board "25"]
[White "Kuecher, Wolfgang"]
[Black "Maierhofer, Johann"]
[Result "1/2-1/2"]
[WhiteElo "2117"]
[BlackElo "2087"]
[PlyCount "119"]
[EventDate "2020.04.11"]
[EventRounds "9"]
[EventCountry "AUT"]

1. g3 c5 2. Bg2 Nc6 3. c3 e5 4. e4 d6 5. Ne2 g6 6. d4 Bg7 7. dxc5 dxc5 8. Qxd8+
Nxd8 9. Be3 b6 10. O-O Bb7 11. a4 Ne6 12. a5 Ne7 13. axb6 axb6 14. Rxa8+ Bxa8
15. Nd2 O-O 16. Ra1 Rd8 17. Nc4 b5 18. Nb6 Bc6 19. Ra7 Kf8 20. h3 Rb8 21. Nd7+
Bxd7 22. Rxd7 b4 23. c4 Nd4 24. Nxd4 cxd4 25. Bd2 Ke8 26. Ra7 Nc6 27. Ra6 Kd7
28. f4 f6 29. Kf2 Kc7 30. Ra4 Bf8 31. b3 Kb7 32. Ke2 Ra8 33. Rxa8 Kxa8 34. fxe5
fxe5 35. Kd3 Kb7 36. h4 Kb6 37. g4 Be7 38. h5 g5 39. Bf3 Kc5 40. Bd1 Nd8 41.
Bc2 Ne6 42. Ke2 Nf4+ 43. Bxf4 gxf4 44. Kf3 Bh4 45. Bd3 h6 46. Bc2 Be7 47. Bd3
Kc6 48. Bc2 Kd7 49. Bd3 Ke6 50. Be2 Kf6 51. Bd3 Kg5 52. Be2 Kh4 53. Bd3 Kh3 54.
Be2 Kh2 55. Bd3 Kg1 56. Be2 Kh2 57. Bd3 Bg5 58. Be2 Bh4 59. Bd3 Bd8 60. Be2 {
Dandi bietet Remis}  1/2-1/2

[Event "1. OEsterreichische Internet Schach Meisterschaft - Vorrunde 1"]
[Site "Online - Playchess.com"]
[Date ""]
[Round "2"]
[Board "26"]
[White "Kapferer, Romed"]
[Black "Stolzlechner, Andreas"]
[Result "0-1"]
[WhiteElo "2081"]
[BlackElo "1835"]
[PlyCount "110"]
[EventDate "2020.04.11"]
[EventRounds "9"]
[EventCountry "AUT"]

1. e4 e5 2. Nf3 Nc6 3. d4 exd4 4. Bc4 Nf6 5. e5 d5 6. Bb5 Ne4 7. Nxd4 Bd7 8.
Bxc6 bxc6 9. O-O Be7 10. f3 Nc5 11. f4 O-O 12. f5 Bg5 13. f6 gxf6 14. exf6 Bxf6
15. Nf5 Bxf5 16. Rxf5 Qe7 17. Bh6 Bg7 18. Qg4 f6 19. Nc3 Rae8 20. Raf1 Kh8 21.
Bxg7+ Qxg7 22. Qd4 Ne4 23. Nxe4 Rxe4 24. Qf2 Rg4 25. h3 Rg6 26. Kh1 Rg8 27. Rg1
a6 28. Qe2 Rh6 29. Qf3 Qg6 30. Kh2 Rh4 31. Rf4 Rxf4 32. Qxf4 Qf7 33. Rf1 Rg6
34. g3 Kg7 35. Rf2 Rg5 36. h4 Re5 37. Qg4+ Qg6 38. Qf4 h5 39. c3 Qe4 40. Qxf6+
Kh7 41. Qf7+ Kh8 42. Qf8+ Kh7 43. Qf7+ Kh8 44. Kh3 Qh1+ 45. Rh2 Qe4 46. Qf8+
Kh7 47. Qf2 Qg4+ 48. Kg2 Re2 49. Kg1 Rxf2 50. Rxf2 Qxg3+ 51. Kf1 Qxh4 52. Rf7+
Kg6 53. Rxc7 Qf6+ 54. Ke2 Kg5 55. Ra7 c5 {Bonnie gibt auf}  0-1

[Event "1. OEsterreichische Internet Schach Meisterschaft - Vorrunde 1"]
[Site "Online - Playchess.com"]
[Date ""]
[Round "2"]
[Board "27"]
[White "Charaus, Florian"]
[Black "Kuzmanovic, Zeljko"]
[Result "1-0"]
[WhiteElo "2055"]
[BlackElo "1811"]
[PlyCount "45"]
[EventDate "2020.04.11"]
[EventRounds "9"]
[EventCountry "AUT"]

1. d4 Nf6 2. c4 g6 3. Nc3 Bg7 4. e4 d6 5. Be2 O-O 6. Be3 c6 7. g4 Qd7 8. g5 Ne8
9. h4 e5 10. d5 f5 11. gxf6 Nxf6 12. h5 Ng4 13. hxg6 Nxe3 14. gxh7+ Kh8 15.
fxe3 Qf7 16. Nf3 Qg6 17. Nh4 Qg3+ 18. Kd2 Rf2 19. Qg1 Qxg1 20. Raxg1 Rf6 21.
Ng6+ Rxg6 22. Rxg6 Nd7 23. Rxg7 {Shalk84 gibt auf}  1-0

[Event "1. OEsterreichische Internet Schach Meisterschaft - Vorrunde 1"]
[Site "Online - Playchess.com"]
[Date ""]
[Round "2"]
[Board "28"]
[White "Riemelmoser, Stefan"]
[Black "Bachner, Karsten"]
[Result "1/2-1/2"]
[WhiteElo "2046"]
[BlackElo "1997"]
[PlyCount "90"]
[EventDate "2020.04.11"]
[EventRounds "9"]
[EventCountry "AUT"]

1. e4 e6 2. d4 d5 3. Nc3 Nf6 4. e5 Nfd7 5. f4 c5 6. Nf3 Nc6 7. Be3 a6 8. Qd2
cxd4 9. Nxd4 Bc5 10. O-O-O Qc7 11. h4 Nxd4 12. Bxd4 h5 13. Be2 g6 14. g4 hxg4
15. Bxg4 Bxd4 16. Qxd4 Qc5 17. h5 Qxd4 18. Rxd4 gxh5 19. Rxh5 Rxh5 20. Bxh5 b5
21. a3 Ke7 22. Rd3 Bb7 23. Rg3 Rh8 24. Rg5 Bc6 25. Ne2 Nc5 26. Ng3 Ne4 27. Nxe4
dxe4 28. Kd2 Bd5 29. Ke3 Rh7 30. b3 f6 31. exf6+ Kxf6 32. Rg6+ Ke7 33. Rg5 Kd6
34. f5 exf5 35. Rxf5 Rc7 36. Bd1 Rc3+ 37. Kd2 Rh3 38. Rf6+ Ke5 39. Rxa6 Kd4 40.
Rd6 e3+ 41. Ke1 Rh1+ 42. Ke2 Rh2+ 43. Ke1 Rh1+ 44. Ke2 Rh2+ 45. Ke1 Rh1+
 1/2-1/2

[Event "1. OEsterreichische Internet Schach Meisterschaft - Vorrunde 1"]
[Site "Online - Playchess.com"]
[Date ""]
[Round "2"]
[Board "29"]
[White "Glaner, Marcus Franz"]
[Black "Knoll, Martin"]
[Result "1/2-1/2"]
[WhiteElo "1939"]
[BlackElo "2018"]
[PlyCount "137"]
[EventDate "2020.04.11"]
[EventRounds "9"]
[EventCountry "AUT"]

1. e4 c6 2. d4 d5 3. f3 e6 4. Nc3 Nf6 5. Be3 Be7 6. Nge2 O-O 7. Ng3 dxe4 8.
fxe4 Qb6 9. e5 Nd5 10. Nxd5 cxd5 11. Rb1 Nc6 12. c3 Nxe5 13. Bc1 Ng6 14. Bd3
Bf6 15. Nh5 e5 16. Nxf6+ Qxf6 17. Qf3 Qh4+ 18. g3 Qh3 19. Bf1 Qg4 20. Qxg4 Bxg4
21. Bg2 e4 22. Kf2 Be6 23. c4 Rac8 24. c5 f5 25. b4 f4 26. gxf4 Nxf4 27. Bxf4
Rxf4+ 28. Ke3 Rcf8 29. Rhf1 g5 30. b5 Kg7 31. c6 Rxf1 32. Bxf1 bxc6 33. bxc6
Bc8 34. Rb5 Rd8 35. Be2 Kf6 36. Rb8 Ke7 37. Ra8 Kd6 38. Rxa7 Kxc6 39. Rxh7 Rd7
40. Rh6+ Rd6 41. Bb5+ Kc7 42. Rh7+ Kb6 43. a4 Rf6 44. Be2 Ba6 45. Bxa6 Kxa6 46.
Rd7 Rf5 47. Re7 Ka5 48. Re5 Rf3+ 49. Ke2 Kxa4 50. Rxd5 Rh3 51. Rxg5 Rxh2+ 52.
Ke3 Rh4 53. Rc5 Kb4 54. Rc8 Kb5 55. Rc1 Kb6 56. d5 Kb7 57. Rc4 Rh3+ 58. Kxe4
Rh4+ 59. Kd3 Rxc4 60. Kxc4 Kc7 61. Kc5 Kd7 62. Kc4 Kd6 63. Kd4 Kd7 64. Ke5 Ke7
65. d6+ Kd7 66. Kd5 Kd8 67. Ke6 Ke8 68. d7+ Kd8 69. Kd6  1/2-1/2

[Event "1. OEsterreichische Internet Schach Meisterschaft - Vorrunde 1"]
[Site "Online - Playchess.com"]
[Date ""]
[Round "2"]
[Board "30"]
[White "Kessler, Manuel"]
[Black "Sulzbacher, Michael"]
[Result "0-1"]
[WhiteElo "1731"]
[BlackElo "2018"]
[PlyCount "76"]
[EventDate "2020.04.11"]
[EventRounds "9"]
[EventCountry "AUT"]

1. d4 g6 2. c4 Bg7 3. Nc3 d6 4. e4 Nc6 5. Be3 e5 6. d5 Nd4 7. Nge2 Bg4 8. f3
Bxf3 9. gxf3 Nxf3+ 10. Kf2 Qf6 11. Ng3 Nh4+ 12. Kg1 Nf3+ 13. Kf2 Nh4+ 14. Kg1
h5 15. Bg2 Nh6 16. Qf1 Qe7 17. Kf2 Ng4+ 18. Ke2 Nxe3 19. Kxe3 Bh6+ 20. Kd3 Qg5
21. Kc2 Qd2+ 22. Kb3 Qxg2 23. Qxg2 Nxg2 24. Nb5 Kd7 25. Rhf1 Rhf8 26. Rf2 Ne3
27. Rf3 Ng2 28. Raf1 Nf4 29. R3f2 f5 30. exf5 gxf5 31. Ne2 a6 32. Nxf4 Bxf4 33.
Nc3 Rf7 34. Rg2 Raf8 35. Rfg1 Be3 36. Rf1 f4 37. Rf3 Bd4 38. Rh3 f3  0-1

[Event "1. OEsterreichische Internet Schach Meisterschaft - Vorrunde 1"]
[Site "Online - Playchess.com"]
[Date ""]
[Round "2"]
[Board "31"]
[White "Schneider-Zinner, Werner"]
[Black "Goelles, Herbert"]
[Result "0-1"]
[WhiteElo "1967"]
[BlackElo "1705"]
[PlyCount "94"]
[EventDate "2020.04.11"]
[EventRounds "9"]
[EventCountry "AUT"]

1. d4 d6 2. Nf3 g6 3. Bf4 Bg7 4. e3 f5 5. h3 Nf6 6. Be2 O-O 7. Nbd2 e6 8. c3 a5
9. O-O Na6 10. Qc2 Bd7 11. e4 Nh5 12. Bg5 Qe8 13. exf5 gxf5 14. Rfe1 Kh8 15.
Bc4 d5 16. Bd3 h6 17. Bf4 Nxf4 18. Ne5 Nxd3 19. Ng6+ Qxg6 20. Qxd3 Rg8 21. Nf3
Bf6 22. g3 c6 23. Kg2 Nc7 24. Re2 h5 25. h4 Rg7 26. Rae1 Rag8 27. Ne5 Bxe5 28.
Rxe5 Ne8 29. Qe3 Nf6 30. Qf4 Ne4 31. Re3 Qf6 32. Rf3 Rg4 33. Qe3 Rxh4 34. Rf4
Rhg4 35. Rf3 h4 36. Kf1 hxg3 37. fxg3 Nxg3+ 38. Ke1 Qh4 39. Kd2 Ne4+ 40. Kc2
Rg2+ 41. Kb3 Nd2+ 42. Ka3 Nxf3 43. Qxf3 Qh2 44. Re3 Rxb2 45. Qh3+ Kg7 46. Rg3+
Kf8 47. Qh6+ Qxh6  0-1

[Event "1. OEsterreichische Internet Schach Meisterschaft - Vorrunde 1"]
[Site "Online - Playchess.com"]
[Date ""]
[Round "2"]
[Board "32"]
[White "Wischounig, Laurin"]
[Black "Kern, Michael"]
[Result "1/2-1/2"]
[WhiteElo "1878"]
[BlackElo "1957"]
[PlyCount "93"]
[EventDate "2020.04.11"]
[EventRounds "9"]
[EventCountry "AUT"]

1. d4 f5 2. Nf3 e6 3. g3 Nf6 4. Bg2 Be7 5. O-O O-O 6. b3 d6 7. Bb2 a5 8. c4 Ne4
9. Nfd2 d5 10. f3 Nxd2 11. Nxd2 a4 12. e4 fxe4 13. fxe4 axb3 14. axb3 Rxf1+ 15.
Qxf1 Rxa1 16. Bxa1 dxe4 17. Bxe4 Bf6 18. Nf3 Nc6 19. Qd3 Kh8 20. Bc3 h6 21. d5
exd5 22. Bxd5 Bxc3 23. Qxc3 Qf6 24. Qxf6 gxf6 25. Bxc6 bxc6 26. Nd4 Bd7 27. Kf2
Kg7 28. Ke3 Kg6 29. Kf4 h5 30. h4 c5 31. Nc2 Bg4 32. Ne3 Be6 33. Nf1 Bg4 34.
Nd2 Bd1 35. Ke4 Bc2+ 36. Kf4 Kh6 37. g4 hxg4 38. Kxg4 Kg6 39. Kf4 Kh5 40. Ne4
Bxb3 41. Nxf6+ Kxh4 42. Nd7 Bxc4 43. Nxc5 Kh5 44. Ke5 Kg6 45. Ne6 c6 46. Kd6
Bxe6 47. Kxc6  1/2-1/2